Simplified sewerage : design guidelines (Record no. 548067)

000 -LEADER
fixed length control field 00409nam a22001337a 4500
082 ## - DEWEY DECIMAL CLASSIFICATION NUMBER
Classification number 628.3
Author Mark SIM
-- D
100 ## - MAIN ENTRY--PERSONAL NAME
Personal name Bakalian, Alexander
9 (RLIN) 44234
245 ## - TITLE STATEMENT
Title Simplified sewerage : design guidelines
Statement of responsibility, etc. Bakalian, Alexander
260 ## - PUBLICATION, DISTRIBUTION, ETC.
Place of publication, distribution, etc. USA
Name of publisher, distributor, etc. UNDP-World bank water & sanitation program
Date of publication, distribution, etc. 1994
300 ## - PHYSICAL DESCRIPTION
Extent 34 p.
Other physical details ill.
Dimensions 28 cm
526 ## - STUDY PROGRAM INFORMATION NOTE
Program name 0
Interest level 0
Reading level 0
Title point value 628_300000000000000_SIM
650 ## - SUBJECT ADDED ENTRY--TOPICAL TERM
Topical term or geographic name entry element D
9 (RLIN) 6527
942 ## - ADDED ENTRY ELEMENTS (KOHA)
Source of classification or shelving scheme
Koha item type Book
Holdings
Withdrawn status Lost status Source of classification or shelving scheme Damaged status Not for loan Permanent Location Current Location Date acquired Total Checkouts Full call number Barcode Date last seen Price effective from Koha item type
          Military College of Engineering (MCE) Military College of Engineering (MCE) 08/19/2014   628.3 SIM MCE-42530 08/19/2014 08/19/2014 Book
© 2023 Central Library, National University of Sciences and Technology. All Rights Reserved.